000
00281nam a2200133Ia 4500
100
_a
Lancaster/J.F
942
_c
BK
654
_a
Metallurgy
245
_a
Metallurgy of Welding
260
_b
George Allen
_a
London
_c
1974
082
_a
671.5
300
_a
303
546
_a
ENGLISH
999
_c
31036
_d
31036